000 00563nam a2200193Ia 4500
005 20250508163407.0
008 008 250505s9999 xx 000 0 eng d
037 _aDissertations
040 _aFEDL
_beng
_cFEDL
041 _aeng
_2eng
084 _a371. 333 1, SUM/DI
_qFEDL
100 _aSumitra L G
_9775256
245 0 _aIntroduction to script writing for educational radio
260 _c1988
300 _a58p.
546 _aM.Ed. Dissertation (Delhi University)
942 _cDIS
_h371. 333 1, SUM/DI
999 _c1382797
_d1382797